Hindī sāhitya-saṅgraha. (Record no. 71114)

MARC details
000 -LEADER
fixed length control field 00673cam a22002291 4500
001 - CONTROL NUMBER
control field sa 66007346
003 - CONTROL NUMBER IDENTIFIER
control field DLC
005 - DATE AND TIME OF LATEST TRANSACTION
control field 20260227112304.0
008 - FIXED-LENGTH DATA ELEMENTS--GENERAL INFORMATION
fixed length control field 890720m19639999ii 000 0 hino
010 ## - LIBRARY OF CONGRESS CONTROL NUMBER
LC control number sa 66007346
035 ## - SYSTEM CONTROL NUMBER
System control number (OCoLC)20042559
040 ## - CATALOGING SOURCE
Original cataloging agency DLC
Transcribing agency WaU
Modifying agency DLC
042 ## - AUTHENTICATION CODE
Authentication code premarc
050 00 - LIBRARY OF CONGRESS CALL NUMBER
Classification number PK2049
Item number .A5
110 2# - MAIN ENTRY--CORPORATE NAME
Corporate name or jurisdiction name as entry element Aligarh Muslim University.
Subordinate unit Directorate of General Education Reading Material Project.
245 10 - TITLE STATEMENT
Title Hindī sāhitya-saṅgraha.
260 ## - PUBLICATION, DISTRIBUTION, ETC.
Date of publication, distribution, etc. [1963-
300 ## - PHYSICAL DESCRIPTION
Extent v.
Dimensions 23 cm.
410 20 - SERIES STATEMENT/ADDED ENTRY--CORPORATE NAME [OBSOLETE, CAN/MARC], [LOCAL, USA]
Corporate name or jurisdiction name as entry element Aligarh Muslim University.
Title of a work General education reading material series,
Volume number/sequential designation no. 24
500 ## - GENERAL NOTE
General note In Hindi.
650 #0 - SUBJECT ADDED ENTRY--TOPICAL TERM
Topical term or geographic name entry element Hindi literature.

No items available.

Powered by Koha